Management d'entreprise module 2

Enregistré dans:
Détails bibliographiques
Auteur principal: Ruiz, Jean Michel
Collectivités auteurs: Leonardo da Vinci, Ekonomická univerzita v Bratislave
Autres auteurs: Brokeš, Peter, Marsina, Štefan, Molnár, Pavol, Szabo, Ľuboslav
Format: Livre
Langue:français
Publié: Bratislava Vydavateľstvo EKONÓM 2004
Sujets:
Tags: Ajouter un tag
Pas de tags, Soyez le premier à ajouter un tag!

MARC

LEADER 00000nam$a2200000$$$4500
001 0052510
005 20230113083146.3
020 |a 80-225-1923-5 
041 0 |a fre 
044 |a SK 
245 1 0 |a Management d'entreprise  |b module 2 
264 1 |a Bratislava  |b Vydavateľstvo EKONÓM  |c 2004 
300 |a 98 s. 
610 2 0 |a riadenie podnikové 
610 2 0 |a zdroje ľudské 
610 2 0 |a riadenie 
610 2 0 |a plánovanie 
610 2 0 |a pracovníci 
610 2 0 |a odmeňovanie 
610 2 0 |a hodnotenie pracovníkov 
610 2 0 |a riadenie projektové 
610 2 0 |a riziko 
610 2 0 |a risk management 
610 2 0 |a manažment krízový 
610 2 0 |a projekty medzinárodné 
100 1 |a Ruiz, Jean Michel 
700 1 |a Brokeš, Peter 
700 1 |a Marsina, Štefan 
700 1 |a Molnár, Pavol 
700 1 |a Szabo, Ľuboslav 
710 2 |a Leonardo da Vinci 
710 2 |a Ekonomická univerzita v Bratislave